Amalan perbelanjaan pengguna (Record no. 85600)

MARC details
000 -LEADER
fixed length control field 00754nam a2200265 i 4500
001 - CONTROL NUMBER
control field C2-0278774
003 - CONTROL NUMBER IDENTIFIER
control field PPAK
005 - DATE AND TIME OF LATEST TRANSACTION
control field 20180728010244.0
008 - FIXED-LENGTH DATA ELEMENTS--GENERAL INFORMATION
fixed length control field 070408s2007 my a|||| ||||| | may d
020 ## - INTERNATIONAL STANDARD BOOK NUMBER
International Standard Book Number 9789833577026
040 ## - CATALOGING SOURCE
Original cataloging agency PPAK
Language of cataloging eng
Transcribing agency PPAK
Description conventions rda
082 04 - DEWEY DECIMAL CLASSIFICATION NUMBER
Classification number 381.33
Edition number 23
090 00 - LOCALLY ASSIGNED LC-TYPE CALL NUMBER (OCLC); LOCAL CALL NUMBER (RLIN)
Classification number (OCLC) (R) ; Classification number, CALL (RLIN) (NR) 381.33
Feature heading AMA
Feature heading K
245 00 - TITLE STATEMENT
Title Amalan perbelanjaan pengguna
264 #1 - PRODUCTION, PUBLICATION, DISTRIBUTION, MANUFACTURE, AND COPYRIGHT NOTICE
Place of production, publication, distribution, manufacture Seri Kembangan, Selangor :
Name of producer, publisher, distributor, manufacturer Penerbitan PCT ,
Date of production, publication, distribution, manufacture, or copyright notice 2007
300 ## - PHYSICAL DESCRIPTION
Extent 44 pages :
Other physical details illustrations ;
Dimensions 26 cm
336 ## - CONTENT TYPE
Source rdacontent
Content type term text
337 ## - MEDIA TYPE
Source rdamedia
Media type term unmediated
338 ## - CARRIER TYPE
Source rdacarrier
Carrier type term volume
490 1# - SERIES STATEMENT
Series statement Siri kajian kepenggunaan
650 10 - SUBJECT ADDED ENTRY--TOPICAL TERM
Topical term or geographic name entry element Consumer education.
700 0# - ADDED ENTRY--PERSONAL NAME
Personal name Suhaida Azmi,
Relator term compile
830 #0 - SERIES ADDED ENTRY--UNIFORM TITLE
Uniform title Siri kajian kepenggunaan
942 ## - ADDED ENTRY ELEMENTS (KOHA)
-- dc
Koha item type Book
Holdings
Withdrawn Not for loan Current library Shelving location Date acquired Total Checkouts Full call number Barcode Date last seen Date last checked out Koha item type
    Perpustakaan Alor Setar Pinjaman Kanak-kanak 19/06/2007   K 381.33 AMA A01180680 09/05/2018   Book
    Perpustakaan Awam Sungai Petani Pinjaman Kanak-kanak 19/06/2007   K 381.33 AMA A01180690 09/05/2018   Book
    Perpustakaan Awam Sungai Petani Pinjaman Kanak-kanak 19/06/2007   K 381.33 AMA A01180681 09/05/2018   Book
    Perpustakaan Bandar Baharu Pinjaman Kanak-kanak 19/06/2007   K 381.33 AMA A01180688 09/05/2018   Book
    Perpustakaan Jitra Pinjaman Kanak-kanak 19/06/2007   K 381.33 AMA A01180682 09/05/2018   Book
    Perpustakaan Kuala Nerang Pinjaman Kanak-kanak 19/06/2007   K 381.33 AMA A01180689 09/05/2018   Book
    Perpustakaan Kulim Pinjaman Kanak-kanak 19/06/2007   K 381.33 AMA A01180684 09/05/2018   Book
    Perpustakaan Langkawi Pinjaman Kanak-kanak 19/06/2007   K 381.33 AMA A01180683 09/05/2018   Book
    Perpustakaan Yan Pinjaman Kanak-kanak 19/06/2007 1 K 381.33 AMA A01180685 18/12/2019 14/11/2019 Book